[Event "Millionaire Qualifier 2015"]
[Site "Kingston, Jamaica"]
[Date "2015.08.05"]
[Round "1.3"]
[White "Mellace, Andrew"]
[Black "Holness, Mark"]
[Result "1-0"]
[WhiteElo "2073"]
[BlackElo "1919"]
[PlyCount "49"]
[EventDate "2015.08.05"]

1. e4 e6 2. d4 d5 3. Nd2 dxe4 4. Nxe4 Bd7 5. Nf3 Bc6 6. Bd3 Nd7 7. Qe2 Ngf6 8.
Ng3 Bxf3 9. Qxf3 c6 10. O-O Be7 11. Re1 Qa5 12. c3 Qd5 13. Qe2 O-O 14. Bf4 Rfe8
15. b4 Nf8 16. Be5 Ng6 17. Rad1 Qd7 18. f4 Nd5 19. Qh5 Nxc3 20. f5 Nxd1 21.
fxg6 hxg6 22. Qxd1 Bxb4 23. Rf1 f6 24. Bxg6 Red8 25. Qh5 1-0

[Event "Millionaire Qualifier 2015"]
[Site "Kingston, Jamaica"]
[Date "2015.08.05"]
[Round "1.4"]
[White "Diedrick, Michael"]
[Black "Byfield, Geoffrey"]
[Result "1-0"]
[WhiteElo "1879"]
[BlackElo "2027"]
[PlyCount "134"]
[EventDate "2015.08.05"]

1. e4 d5 2. exd5 Qxd5 3. Nf3 Bg4 4. Be2 Nc6 5. O-O O-O-O 6. Nc3 Qh5 7. h3 Nf6
8. hxg4 Nxg4 9. g3 Qh3 10. Ne4 f6 11. Bc4 h5 12. Re1 Nd4 13. c3 Nxf3+ 14. Qxf3
Ne5 15. Qe2 h4 16. Nc5 Rd6 17. Qe4 Nxc4 18. Qxb7+ Kd8 19. Qb8+ Qc8 20. Nb7+ Kd7
21. Qxc8+ Kxc8 22. Nxd6+ cxd6 23. d4 Kd7 24. b3 Nb6 25. c4 e5 26. Be3 Be7 27.
d5 g5 28. gxh4 Rxh4 29. a4 Nc8 30. Kg2 Rh7 31. Rh1 Rg7 32. b4 f5 33. a5 f4 34.
Bd2 g4 35. Rh8 Bg5 36. f3 gxf3+ 37. Kxf3 Bf6 38. Rah1 Rg3+ 39. Kf2 Bxh8 40.
Rxh8 Rg7 41. b5 Kc7 42. Bb4 Ne7 43. Rf8 Rh7 44. Rf6 Nc8 45. c5 dxc5 46. Bxc5
Rd7 47. Rc6+ Kb8 48. d6 e4 49. Bd4 Ne7 50. dxe7 Rxe7 51. Bc5 e3+ 52. Ke1 Re8
53. Bd6+ Ka8 54. Bxf4 e2 55. a6 Rf8 56. Kxe2 Re8+ 57. Be3 Rh8 58. Bf4 Rg8 59.
Rc7 Rg2+ 60. Kf3 Rc2 61. Rd7 Rc3+ 62. Be3 Rc8 63. Rxa7+ Kb8 64. Rb7+ Ka8 65.
Rb6 Rf8+ 66. Bf4 Ka7 67. Rb7+ Ka8 1-0

[Event "Millionaire Qualifier 2015"]
[Site "Kingston, Jamaica"]
[Date "2015.08.05"]
[Round "1.5"]
[White "Chin, Eton"]
[Black "Wilkinson, Ian"]
[Result "1/2-1/2"]
[WhiteElo "2027"]
[BlackElo "1875"]
[PlyCount "63"]
[EventDate "2015.08.05"]

1. e4 c5 2. Nf3 e6 3. d4 cxd4 4. Nxd4 a6 5. Bd3 Nf6 6. O-O Qc7 7. Nc3 Nc6 8.
Be3 Bd6 9. h3 O-O 10. Nxc6 dxc6 11. f4 e5 12. f5 b5 13. a3 Bb7 14. g4 g6 15.
Bh6 Nd7 16. fxg6 hxg6 17. Bxf8 Rxf8 18. Qf3 Nc5 19. Rad1 Ne6 20. h4 Be7 21. Qg3
Nf4 22. Ne2 g5 23. hxg5 Bxg5 24. Rf2 Kg7 25. Rdf1 Qb6 26. Kh1 Rh8+ 27. Rh2
Rxh2+ 28. Kxh2 c5 29. b3 c4 30. bxc4 bxc4 31. Bxc4 Bxe4 32. Nxf4 1/2-1/2

[Event "Millionaire Qualifier 2015"]
[Site "Kingston, Jamaica"]
[Date "2015.08.07"]
[Round "2.1"]
[White "Douglas, Markland"]
[Black "Elliott, Warren"]
[Result "0-1"]
[WhiteElo "1837"]
[BlackElo "2269"]
[PlyCount "66"]
[EventDate "2015.08.05"]

1. e4 c5 2. Nf3 e6 3. d4 cxd4 4. Nxd4 a6 5. Be3 Qc7 6. Be2 Nf6 7. f3 d5 8. exd5
Nxd5 9. Bf2 Bd6 10. g3 b5 11. O-O Bc5 12. c3 O-O 13. f4 Bb7 14. Bf3 Nd7 15. Qe2
Rfe8 16. Nb3 Bxf2+ 17. Qxf2 e5 18. f5 e4 19. Bg2 Rad8 20. Na3 Ne5 21. Nd4 Nd3
22. Qe2 b4 23. Nac2 bxc3 24. bxc3 Nxc3 25. Qe3 Qe5 26. f6 Rxd4 27. Nxd4 Qxd4
28. Qxd4 Ne2+ 29. Kh1 Nxd4 30. fxg7 Bd5 31. h3 Kxg7 32. Rad1 Bc4 33. Rd2 e3 0-1

[Event "Millionaire Qualifier 2015"]
[Site "Kingston, Jamaica"]
[Date "2015.08.07"]
[Round "2.2"]
[White "Lorne, Malaku"]
[Black "Mellace, Andrew"]
[Result "1-0"]
[WhiteElo "2103"]
[BlackElo "2073"]
[PlyCount "81"]
[EventDate "2015.08.05"]

1. d4 Nf6 2. Bg5 Ne4 3. Bf4 d5 4. e3 c5 5. Bd3 cxd4 6. exd4 Nc6 7. c3 e5 8.
dxe5 Qb6 9. Bxe4 dxe4 10. Qb3 Qa5 11. Nd2 Nxe5 12. Bxe5 Qxe5 13. Qa4+ Bd7 14.
Qxe4 Qxe4+ 15. Nxe4 Bc6 16. f3 f5 17. Nd2 O-O-O 18. O-O-O Bc5 19. Nh3 Be3 20.
Kc2 Bb5 21. c4 Bd7 22. Rhe1 Rhe8 23. Nf1 f4 24. Nxe3 fxe3 25. Nf4 Bf5+ 26. Kc3
Bd7 27. Nd5 b5 28. Nxe3 a5 29. a3 Kb7 30. c5 a4 31. Nc2 Rxe1 32. Rxe1 Kc6 33.
Re5 Be8 34. Nd4+ Kb7 35. Re7+ Ka6 36. Ne6 b4+ 37. axb4 Rc8 38. Rxe8 Rc6 39. Re7
a3 40. bxa3 Kb5 41. Nd4+ 1-0

[Event "Millionaire Qualifier 2015"]
[Site "Kingston, Jamaica"]
[Date "2015.08.07"]
[Round "2.3"]
[White "Wilkinson, Ian"]
[Black "Diedrick, Michael"]
[Result "1/2-1/2"]
[WhiteElo "1875"]
[BlackElo "1879"]
[PlyCount "241"]
[EventDate "2015.08.05"]

1. e4 c5 2. Nf3 d6 3. d4 cxd4 4. Nxd4 Nf6 5. Nc3 a6 6. Bc4 e6 7. Bb3 Be7 8. O-O
O-O 9. Qf3 Qc7 10. Qg3 Kh8 11. Bg5 Nc6 12. Nxc6 Qxc6 13. Rfe1 b5 14. Rad1 Bb7
15. Qh4 b4 16. Ne2 Qxe4 17. Qxe4 Bxe4 18. Rd4 d5 19. Ng3 Bg6 20. Bxf6 gxf6 21.
Kf1 Rfc8 22. Bxd5 exd5 23. Rxe7 Rxc2 24. Re2 Rac8 25. Rxd5 a5 26. f4 Rc1+ 27.
Re1 R1c5 28. Red1 Bc2 29. R1d2 Bb1 30. Nh5 Rxd5 31. Rxd5 Bxa2 32. Rxa5 Bc4+ 33.
Kf2 h6 34. Nxf6 Rc6 35. Ne4 Bd3 36. Nc5 Bc4 37. Ke3 Kg7 38. Kd4 Bf1 39. g3 h5
40. Ra4 Rb6 41. Kd5 Kg6 42. Nd7 Rb5+ 43. Kc6 Kf5 44. Ra1 Be2 45. Re1 Bd3 46.
Re3 Bf1 47. Re1 Bd3 48. Re5+ Rxe5 49. Nxe5 Be4+ 50. Kc5 f6 51. Nc4 Kg4 52. Kd4
Ba8 53. Ke3 Kh3 54. Kf2 Kxh2 55. Nb6 Bc6 56. Nc8 Kh3 57. Ne7 Be4 58. Ng8 h4 59.
gxh4 Kxh4 60. Nxf6 Bc2 61. Ke3 Kg3 62. Nd5 b3 63. Kd4 Kg4 64. Ke5 Kf3 65. Kd4
Ke2 66. Nc3+ Kf3 67. Ke5 Kg4 68. Ne2 Kf3 69. Nd4+ Ke3 70. f5 Kd2 71. f6 Bg6 72.
Nxb3+ Kc2 73. Nd4+ Kxb2 74. Ne6 Kc3 75. Kd5 Bf7 76. Ke5 Kc4 77. Kd6 Kb5 78. Ke7
Bg8 79. Nd4+ Kc4 80. Kf8 Bd5 81. Ne2 Kc5 82. Nf4 Bc4 83. Ke7 Bg8 84. Ne6+ Kd5
85. Nf4+ Ke5 86. Ng6+ Kf5 87. Nf8 Ke5 88. Nh7 Kf5 89. Nf8 Ke5 90. Nd7+ Kf5 91.
Kf8 Be6 92. Kg7 Ba2 93. Nc5 Bd5 94. Nb7 Ke5 95. Nd8 Kf5 96. Nc6 Kg5 97. Nb4 Be6
98. Nd3 Kf5 99. Nc5 Bd5 100. Nd3 Kg5 101. Ne1 Kf5 102. Nf3 Bc4 103. Nh4+ Kg5
104. Ng6 Kf5 105. Nh4+ Kg5 106. Ng2 Bb3 107. Ne3 Be6 108. Nc2 Bb3 109. Nd4 Bd5
110. Nc6 Bb3 111. Ne5 Kf5 112. Nc6 Kg5 113. Ne5 Kf5 114. Nf7 Ba2 115. Nd6+ Kg5
116. Ne4+ Kf5 117. Nc3 Bc4 118. Ne2 Ba2 119. Nd4+ Kg5 120. f7 Bxf7 121. Kxf7
1/2-1/2

[Event "Millionaire Qualifier 2015"]
[Site "Kingston, Jamaica"]
[Date "2015.08.07"]
[Round "2.4"]
[White "Wheeler, Robert"]
[Black "Chin, Eton"]
[Result "1-0"]
[WhiteElo "2118"]
[BlackElo "2027"]
[PlyCount "77"]
[EventDate "2015.08.05"]

1. e4 c5 2. Nf3 d6 3. d4 cxd4 4. Nxd4 Nf6 5. Nc3 a6 6. Be2 e6 7. O-O Be7 8. Be3
O-O 9. a4 Bd7 10. Kh1 Nc6 11. Nb3 Rc8 12. f4 Nb4 13. Nd4 Bc6 14. Nxc6 Nxc6 15.
Bf3 Qc7 16. Qe1 Nb4 17. Qf2 Nd7 18. Rfd1 Bf6 19. Ra3 Rfd8 20. Rd2 Nc6 21. Nd1
Na5 22. b3 Nc6 23. g4 Nb4 24. c4 Nc5 25. g5 Be7 26. Nc3 Nbd3 27. Qf1 Qa5 28.
Rxd3 Nxd3 29. Qxd3 d5 30. exd5 Bxa3 31. Be4 g6 32. Bd4 Bc5 33. Bf6 Rd7 34. Qh3
Qb6 35. a5 Qxa5 36. dxe6 Rd1+ 37. Kg2 Rd2+ 38. Kf3 Rcd8 39. exf7+ 1-0

[Event "Millionaire Qualifier 2015"]
[Site "Kingston, Jamaica"]
[Date "2015.08.07"]
[Round "2.5"]
[White "Byfield, Geoffrey"]
[Black "Richards, Deborah"]
[Result "1-0"]
[WhiteElo "2027"]
[BlackElo "2002"]
[PlyCount "65"]
[EventDate "2015.08.05"]

1. d4 d5 2. Nf3 Nf6 3. Bf4 c5 4. c3 Nc6 5. h3 Qb6 6. Qb3 Qa5 7. e3 c4 8. Qc2 b5
9. Nbd2 g6 10. b4 Qd8 11. a4 Bf5 12. Qa2 Bg7 13. axb5 Nb8 14. Ne5 O-O 15. Nc6
Nxc6 16. bxc6 Qb6 17. Qa6 Rfc8 18. b5 Ne8 19. e4 dxe4 20. Nxc4 Qd8 21. Be2 Nc7
22. Bxc7 Qxc7 23. O-O Rcb8 24. Ne3 Bc8 25. Qa5 Qd6 26. Rfd1 h5 27. d5 Bf8 28.
c4 Qc5 29. Qa3 Qd6 30. c5 Qe5 31. d6 Be6 32. c7 Rb7 33. Qa6 1-0

[Event "Millionaire Qualifier 2015"]
[Site "Kingston, Jamaica"]
[Date "2015.08.08"]
[Round "3.1"]
[White "Elliott, Warren"]
[Black "Lorne, Malaku"]
[Result "0-1"]
[WhiteElo "2269"]
[BlackElo "2103"]
[PlyCount "109"]
[EventDate "2015.08.05"]

1. e4 e5 2. Nf3 Nc6 3. d4 exd4 4. Bc4 Nf6 5. e5 d5 6. Bb5 Ne4 7. Nxd4 Bd7 8.
Bxc6 bxc6 9. O-O Bc5 10. Be3 O-O 11. Nd2 Nxd2 12. Qxd2 Qe7 13. Nb3 Bb6 14. Qc3
Bxe3 15. Qxe3 f6 16. f4 Rfe8 17. Rae1 a5 18. c3 a4 19. Nc5 Ra5 20. e6 Bc8 21.
Nd3 Qxe6 22. Qd4 Qf7 23. Qb4 Rb5 24. Qxa4 Bf5 25. Nb4 Be4 26. Rf2 Qd7 27. Rfe2
f5 28. Nd3 Reb8 29. Ne5 Qd6 30. b3 c5 31. c4 Rb4 32. Qd7 d4 33. Qf7+ Kh8 34.
Qh5 Kg8 35. Qf7+ Kh8 36. Qh5 Kg8 37. Nd3 g6 38. Qh3 Bxd3 39. Qxd3 Qxf4 40. Re7
Rf8 41. Qh3 h6 42. Qd3 Rb6 43. Qe2 Rbf6 44. Rd7 Rd6 45. Rxc7 Qg5 46. Qe5 Qf6
47. Qxc5 d3 48. Ree7 Rfd8 49. Rg7+ Qxg7 50. Rxg7+ Kxg7 51. Qe5+ Kf7 52. c5 d2
53. cxd6 d1=Q+ 54. Kf2 Rxd6 55. h3 0-1

[Event "Millionaire Qualifier 2015"]
[Site "Kingston, Jamaica"]
[Date "2015.08.08"]
[Round "3.2"]
[White "Diedrick, Michael"]
[Black "Wheeler, Robert"]
[Result "1-0"]
[WhiteElo "1879"]
[BlackElo "2118"]
[PlyCount "147"]
[EventDate "2015.08.05"]

1. e4 d6 2. d4 Nf6 3. Nc3 g6 4. Nf3 Bg7 5. Be2 O-O 6. O-O c6 7. Bg5 Qc7 8. Qd2
Re8 9. Bh6 Bh8 10. h3 Nbd7 11. Bc4 e6 12. Rfe1 b5 13. Bd3 a6 14. e5 b4 15. Ne4
Nxe4 16. Bxe4 d5 17. Bd3 Rb8 18. h4 c5 19. c3 bxc3 20. bxc3 Nf8 21. Reb1 c4 22.
Rxb8 Qxb8 23. Rb1 Qc7 24. Be2 Nd7 25. h5 Bb7 26. hxg6 hxg6 27. Qf4 Bc6 28. Qh4
Qd8 29. Bg5 f6 30. exf6 Bxf6 31. g3 Bxg5 32. Nxg5 Qe7 33. Kg2 e5 34. Bg4 Nf8
35. Re1 Qg7 36. Bf3 e4 37. Bg4 Bd7 38. Nh3 Rb8 39. Bxd7 Nxd7 40. Qg5 Nf6 41.
Nf4 Kf7 42. Nxd5 Rb5 43. Qxf6+ Qxf6 44. Nxf6 Kxf6 45. Rxe4 Rb2 46. d5 Rd2 47.
Rxc4 Rxd5 48. Ra4 Rd6 49. Kf3 Rc6 50. Ke4 Rxc3 51. Rxa6+ Kg5 52. a4 Rc2 53. f3
Rb2 54. Ra5+ Kf6 55. Rb5 Ra2 56. a5 Ra4+ 57. Kd5 Ra3 58. Ke4 Ra4+ 59. Ke3 Ra3+
60. Ke4 Ra4+ 61. Kd5 Ra3 62. Rb6+ Kg5 63. a6 Rxf3 64. Kc6 Ra3 65. Kb7 Re3 66.
a7 Re7+ 67. Ka6 Re8 68. Rb8 Re6+ 69. Kb5 Re5+ 70. Kc4 Re3 71. Rb5+ Kg4 72. a8=Q
Rxg3 73. Qe4+ Kh3 74. Rb3 1-0

[Event "Millionaire Qualifier 2015"]
[Site "Kingston, Jamaica"]
[Date "2015.08.08"]
[Round "3.3"]
[White "Mellace, Andrew"]
[Black "Wilkinson, Ian"]
[Result "1-0"]
[WhiteElo "2073"]
[BlackElo "1875"]
[PlyCount "85"]
[EventDate "2015.08.05"]

1. e4 c5 2. d4 cxd4 3. c3 Nf6 4. e5 Nd5 5. Nf3 Nc6 6. cxd4 e6 7. Bc4 d6 8. O-O
Be7 9. Qe2 O-O 10. Rd1 a6 11. Nbd2 b5 12. Bd3 Nf4 13. Bxh7+ Kxh7 14. Qe4+ Ng6
15. Qxc6 Bd7 16. Qe4 Rc8 17. Qg4 d5 18. Nf1 Rh8 19. Bg5 Rc2 20. Bxe7 Nxe7 21.
Ng5+ Kg8 22. Qf4 Be8 23. Rd3 Ng6 24. Qg4 Rh4 25. Qg3 Rxb2 26. Rc1 Rb4 27. Nf3
Rh6 28. Ne3 Nh4 29. Nxh4 Rxh4 30. f4 Rh5 31. a3 Rb2 32. Ng4 Kh7 33. Rdc3 Bd7
34. Rc7 Rb1 35. Qd3+ Kg8 36. Qxb1 a5 37. Qc2 b4 38. axb4 axb4 39. Qb1 Rf5 40.
g3 Rh5 41. Qxb4 f5 42. exf6 Rf5 43. Qd6 1-0

[Event "Millionaire Qualifier 2015"]
[Site "Kingston, Jamaica"]
[Date "2015.08.08"]
[Round "3.4"]
[White "Byfield, Geoffrey"]
[Black "Douglas, Markland"]
[Result "1-0"]
[WhiteElo "2027"]
[BlackElo "1837"]
[PlyCount "83"]
[EventDate "2015.08.05"]

1. d4 d5 2. Nf3 Nf6 3. c4 c6 4. Qb3 e6 5. Bg5 Be7 6. Nc3 Nbd7 7. e3 O-O 8. Bd3
dxc4 9. Qxc4 Nb6 10. Qb3 Nfd5 11. Bxe7 Qxe7 12. O-O Kh8 13. Ne4 Nd7 14. Rac1 e5
15. dxe5 Nxe5 16. Nxe5 Qxe5 17. Ng3 Nb6 18. Bb1 Be6 19. Qc2 g6 20. e4 Qf4 21.
Qc3+ Kg8 22. Ne2 Qh6 23. f4 Bc4 24. Rce1 Rad8 25. b3 Bxe2 26. Rxe2 Qg7 27. e5
f5 28. Qa5 Nc8 29. Rd2 b6 30. Qc3 Rxd2 31. Qxd2 Qc7 32. Rd1 Kg7 33. Qd7+ Qxd7
34. Rxd7+ Rf7 35. Rd8 Rc7 36. e6 Ne7 37. Rd7 Kf6 38. Rxc7 Kxe6 39. Rxa7 Kd6 40.
g3 h6 41. Rxe7 Kxe7 42. g4 1-0

[Event "Millionaire Qualifier 2015"]
[Site "Kingston, Jamaica"]
[Date "2015.08.08"]
[Round "3.5"]
[White "Chin, Eton"]
[Black "Wisdom, Daren"]
[Result "1-0"]
[WhiteElo "2027"]
[BlackElo "2004"]
[PlyCount "81"]
[EventDate "2015.08.05"]

1. Nf3 d5 2. g3 Nc6 3. Bg2 e5 4. d4 e4 5. Ne5 Nxe5 6. dxe5 c6 7. O-O h5 8. c4
h4 9. Nc3 hxg3 10. fxg3 Bc5+ 11. Kh1 Be6 12. cxd5 cxd5 13. Qa4+ Bd7 14. Qb3 Bc6
15. Nxe4 Qe7 16. Be3 d4 17. Bxd4 Bxe4 18. Bxc5 Bxg2+ 19. Kxg2 Qd7 20. e6 Qc6+
21. Qf3 Qxe6 22. h4 Rc8 23. Rac1 Nf6 24. Qxb7 Rxc5 25. Rxc5 O-O 26. Qf3 Qxa2
27. b3 Re8 28. Rf2 Qd2 29. Qd3 Qb4 30. Rb5 Qe1 31. Qf3 Qd2 32. e4 Qd7 33. e5
Ng4 34. Rb7 Ne3+ 35. Kg1 Qg4 36. Qxe3 f6 37. Rf4 Qh3 38. Rxg7+ Kxg7 39. exf6+
Kh7 40. Qxa7+ Kh6 41. Qg7+ 1-0

[Event "Millionaire Qualifier 2015"]
[Site "Kingston, Jamaica"]
[Date "2015.08.08"]
[Round "3.6"]
[White "Holness, Mark"]
[Black "Richards, Deborah"]
[Result "0-1"]
[WhiteElo "1919"]
[BlackElo "2002"]
[PlyCount "118"]
[EventDate "2015.08.05"]

1. e4 c5 2. c3 g6 3. d4 cxd4 4. cxd4 d5 5. e5 Nc6 6. Be3 Nh6 7. Qd2 Nf5 8. Nf3
Nxe3 9. fxe3 Bg7 10. Bd3 O-O 11. O-O f6 12. exf6 exf6 13. e4 dxe4 14. Bxe4 Qd6
15. Nc3 a6 16. Rad1 Bd7 17. Bc2 Be8 18. Ne4 Qc7 19. Nc5 Bf7 20. Bb3 Bxb3 21.
Nxb3 Qd6 22. Rfe1 Rfe8 23. Rxe8+ Rxe8 24. Kh1 Kf7 25. Re1 Rxe1+ 26. Qxe1 Bf8
27. Kg1 Qd5 28. Qd2 Nb4 29. Nc1 Nxa2 30. Nxa2 Qxa2 31. Qc3 Qd5 32. Kf2 Qc6 33.
Qxc6 bxc6 34. Ke3 Ke6 35. Ke4 Bd6 36. h3 Bg3 37. Ng1 f5+ 38. Kd3 Kd5 39. Ne2
Be1 40. Nf4+ Kd6 41. Kc4 a5 42. b3 Bg3 43. Nd3 g5 44. Nc5 Be1 45. Nd3 Bd2 46.
Ne5 h5 47. Nf3 Bf4 48. Ne1 g4 49. Nd3 Bd2 50. Nf2 Bb4 51. Nd3 Bd2 52. Nf2 Be3
53. Nd1 Bg1 54. Nc3 Be3 55. Na4 f4 56. Kd3 Bc1 57. hxg4 hxg4 58. Ke4 f3 59.
gxf3 g3 0-1

[Event "Millionaire Qualifier 2015"]
[Site "Kingston, Jamaica"]
[Date "2015.08.08"]
[Round "4.1"]
[White "Lorne, Malaku"]
[Black "Diedrick, Michael"]
[Result "1/2-1/2"]
[WhiteElo "2103"]
[BlackElo "1879"]
[PlyCount "129"]
[EventDate "2015.08.05"]

1. d4 Nf6 2. Bg5 h6 3. Bxf6 exf6 4. e3 d5 5. c4 Be7 6. Nc3 dxc4 7. Bxc4 O-O 8.
Nge2 Nd7 9. O-O Nb6 10. Bb3 c6 11. Nf4 Kh8 12. Qh5 Bd6 13. Nd3 Be6 14. Bc2 f5
15. Rad1 Nd7 16. Qe2 Nf6 17. f4 Re8 18. Ne5 Qc7 19. h3 g6 20. Rc1 Kg7 21. Bd3
a6 22. Qc2 Nd5 23. Qf2 f6 24. Nf3 Nxe3 25. Qxe3 Bxf4 26. Qf2 Bxc1 27. Rxc1 Qf4
28. Ne2 Qd6 29. Nh4 Bf7 30. Ng3 Kf8 31. b3 Rad8 32. Ne2 Qb4 33. Nf3 Re7 34. Nf4
g5 35. Ne2 Rde8 36. Ng3 g4 37. Nd2 Re3 38. Bxf5 Rxg3 39. Qxg3 Qxd2 40. Qd6+ Kg7
41. Rc2 Qd1+ 42. Kh2 gxh3 43. Qg3+ Kf8 44. Qxh3 Qh5 45. Qxh5 Bxh5 46. Kg3 Re2
47. Rxe2 Bxe2 48. Bc8 b6 49. Kf2 Bd3 50. Ke3 Bf1 51. Kf2 Bd3 52. Ke3 Bb1 53. a3
Ba2 54. b4 a5 55. Bb7 axb4 56. axb4 Ke7 57. Bxc6 Kd6 58. Be8 Bb1 59. Bf7 Bf5
60. g3 Kc6 61. Bc4 Kd6 62. Kf4 Bd7 63. Ke3 Bf5 64. Kf4 Bd7 65. Ke3 1/2-1/2

[Event "Millionaire Qualifier 2015"]
[Site "Kingston, Jamaica"]
[Date "2015.08.08"]
[Round "4.2"]
[White "Mellace, Andrew"]
[Black "Elliott, Warren"]
[Result "0-1"]
[WhiteElo "2073"]
[BlackElo "2269"]
[PlyCount "70"]
[EventDate "2015.08.05"]

1. e4 c5 2. Nf3 e6 3. d4 cxd4 4. c3 Nf6 5. e5 Nd5 6. cxd4 b6 7. Nc3 Nxc3 8.
bxc3 Qc7 9. Bd2 Bb7 10. Bd3 d6 11. O-O Nd7 12. Qe2 dxe5 13. dxe5 Be7 14. Be4
Bxe4 15. Qxe4 O-O 16. Rad1 Rfd8 17. Bg5 Bxg5 18. Nxg5 Nf8 19. Rd6 Rac8 20. Qd4
Rxd6 21. exd6 Qc5 22. Qf4 f6 23. Ne4 Qd5 24. f3 f5 25. Nf2 Rxc3 26. Kh1 Rc4 27.
Qg3 Rd4 28. h3 Qxd6 29. Qg5 Rd2 30. h4 h6 31. Qh5 Qg3 32. Kg1 Ng6 33. f4 Nxh4
34. Qe8+ Kh7 35. Qa8 Rd5 0-1

[Event "Millionaire Qualifier 2015"]
[Site "Kingston, Jamaica"]
[Date "2015.08.08"]
[Round "4.3"]
[White "Wheeler, Robert"]
[Black "Byfield, Geoffrey"]
[Result "1-0"]
[WhiteElo "2118"]
[BlackElo "2027"]
[PlyCount "83"]
[EventDate "2015.08.05"]

1. c4 Nf6 2. Nf3 d6 3. d4 g6 4. Nc3 Bg7 5. g3 O-O 6. Bg2 Nbd7 7. O-O e5 8. e4
h6 9. h3 c6 10. Be3 Qe7 11. d5 c5 12. a3 Ne8 13. Qd2 Kh7 14. Ne1 f5 15. f4 exf4
16. Bxf4 Ne5 17. Qe2 Nf6 18. Bxe5 Qxe5 19. exf5 Qxg3 20. fxg6+ Qxg6 21. Qd3 Bd7
22. Qxg6+ Kxg6 23. Ne4 Nxe4 24. Bxe4+ Kh5 25. Nd3 Bd4+ 26. Kh2 Kh4 27. Bg2 Bf5
28. Rf4+ Kg5 29. Raf1 Bg7 30. h4+ Kg6 31. Rxf5 Rxf5 32. Be4 Raf8 33. h5+ Kg5
34. Rg1+ Kxh5 35. Bxf5 Rxf5 36. Rxg7 b5 37. Kg3 Rg5+ 38. Rxg5+ Kxg5 39. cxb5
Kf5 40. a4 Ke4 41. a5 Kxd5 42. Nf4+ 1-0

[Event "Millionaire Qualifier 2015"]
[Site "Kingston, Jamaica"]
[Date "2015.08.08"]
[Round "4.4"]
[White "Douglas, Markland"]
[Black "Chin, Eton"]
[Result "1/2-1/2"]
[WhiteElo "1837"]
[BlackElo "2027"]
[PlyCount "46"]
[EventDate "2015.08.05"]

1. e4 c5 2. Nf3 d6 3. d4 cxd4 4. Nxd4 Nf6 5. Nc3 a6 6. f3 b5 7. Be3 e6 8. Qd2
Be7 9. g4 Bb7 10. a3 Nc6 11. O-O-O O-O 12. Nxc6 Bxc6 13. h4 Rc8 14. g5 Nd7 15.
f4 Nc5 16. Bxc5 dxc5 17. Qe3 Qc7 18. Rh2 Qb7 19. Rhd2 Rfe8 20. Bg2 b4 21. Nd5
bxa3 22. Nxe7+ Rxe7 23. Qxa3 Rb8 1/2-1/2

[Event "Millionaire Qualifier 2015"]
[Site "Kingston, Jamaica"]
[Date "2015.08.08"]
[Round "4.5"]
[White "Richards, Deborah"]
[Black "Wisdom, Daren"]
[Result "0-1"]
[WhiteElo "2002"]
[BlackElo "2004"]
[PlyCount "81"]
[EventDate "2015.08.05"]

1. d4 f5 2. Nf3 Nf6 3. Bg5 Ne4 4. Bf4 g6 5. h4 Bg7 6. h5 d6 7. e3 c5 8. Nbd2
Qa5 9. c3 Nxd2 10. Qxd2 Nc6 11. hxg6 cxd4 12. exd4 e5 13. dxe5 dxe5 14. Bg5 e4
15. Bc4 hxg6 16. O-O Qc5 17. Bb3 Be5 18. Nxe5 Qxe5 19. g3 Be6 20. Bf4 Qf6 21.
Qd6 Kf7 22. Qd7+ Ne7 23. Qxb7 g5 24. Bd6 Rae8 25. Bc5 Qh6 26. Bxe6+ Qxe6 27.
Bxe7 Rxe7 28. Qb3 Qxb3 29. axb3 f4 30. Ra5 Kg6 31. Rd1 Reh7 32. Rd6+ Kh5 33.
gxf4 Kg4 34. Kf1 Kf3 35. Rxg5 Rh1+ 36. Rg1 R8h2 37. Rdg6 Rxf2+ 38. Ke1 Rxg1+
39. Rxg1 Rxb2 40. Rg7 e3 41. Rd7 0-1

[Event "Millionaire Qualifier 2015"]
[Site "Kingston, Jamaica"]
[Date "2015.08.08"]
[Round "4.6"]
[White "Wilkinson, Ian"]
[Black "Holness, Mark"]
[Result "1-0"]
[WhiteElo "1875"]
[BlackElo "1919"]
[PlyCount "109"]
[EventDate "2015.08.05"]

1. e4 e6 2. d4 d5 3. Nd2 dxe4 4. Nxe4 Bd7 5. Nf3 Bc6 6. Bd3 Nd7 7. Qe2 Ngf6 8.
Ng3 Bxf3 9. Qxf3 c6 10. Be3 Qa5+ 11. c3 Be7 12. O-O O-O 13. Qe2 Rfe8 14. f4 Nd5
15. Bd2 Qb6 16. Rab1 c5 17. dxc5 Nxc5 18. Bc2 Ne4+ 19. Kh1 Nxd2 20. Qxd2 Ne3
21. Rf3 Nxc2 22. Qxc2 Rad8 23. Ne4 Rd7 24. Rbf1 Red8 25. f5 exf5 26. Rxf5 f6
27. Qe2 Qe6 28. Nxf6+ Qxf6 29. Rxf6 Bxf6 30. Qe6+ Kh8 31. g3 Rd2 32. Re1 h6 33.
Re2 R2d6 34. Qf7 Rd1+ 35. Kg2 R8d7 36. Qe8+ Kh7 37. h4 R1d2 38. Kh3 Rxe2 39.
Qxe2 Re7 40. Qd3+ Kg8 41. b3 Kf7 42. c4 b6 43. Qd5+ Ke8 44. c5 bxc5 45. Qxc5
Kd8 46. a4 Rc7 47. Qa5 Bc3 48. Qd5+ Kc8 49. a5 Bf6 50. a6 Bc3 51. b4 Bf6 52. b5
Bc3 53. Qe6+ Kd8 54. b6 axb6 55. Qxb6 1-0

[Event "Millionaire Qualifier 2015"]
[Site "Kingston, Jamaica"]
[Date "2015.08.09"]
[Round "5.1"]
[White "Lorne, Malaku"]
[Black "Wheeler, Robert"]
[Result "1-0"]
[WhiteElo "2103"]
[BlackElo "2118"]
[PlyCount "123"]
[EventDate "2015.08.05"]

1. d4 c5 2. d5 d6 3. e4 Nf6 4. Nc3 g6 5. Bg5 Bg7 6. f3 a6 7. a4 b6 8. Qd2 O-O
9. g4 Re8 10. Nge2 Nbd7 11. Ng3 Ne5 12. Be2 Rb8 13. O-O Qc7 14. h3 Ned7 15. Bh6
Nf8 16. Bxg7 Kxg7 17. f4 c4 18. Qd4 Qc5 19. Qxc5 bxc5 20. Bxc4 Rb4 21. b3 h6
22. Rae1 N6d7 23. Kg2 f6 24. Bd3 Nh7 25. Nb1 Nb8 26. Nd2 Rb7 27. Nc4 Rd8 28.
Rd1 Rc7 29. Rf2 Bb7 30. h4 Bc8 31. Kf3 Rf8 32. c3 Rb7 33. Rb1 Bd7 34. Ra2 Rd8
35. b4 cxb4 36. cxb4 Be8 37. Ne2 Rc8 38. Nd4 Nf8 39. Ke3 Bd7 40. f5 Be8 41. b5
axb5 42. axb5 Nbd7 43. Na5 Rb6 44. Nac6 Ne5 45. Nxe5 fxe5 46. Nc6 Rb7 47. Ra6
Kf6 48. Na5 Rbb8 49. b6 Nd7 50. b7 Rc3 51. Ra8 Ra3 52. Rxb8 Nxb8 53. Nc6 Bxc6
54. dxc6 Rc3 55. Rb6 Rxc6 56. Rxc6 Nxc6 57. Bb5 Nb8 58. fxg6 Kxg6 59. Kd3 e6
60. Kc4 Kf6 61. Kb4 Ke7 62. Ka5 1-0

[Event "Millionaire Qualifier 2015"]
[Site "Kingston, Jamaica"]
[Date "2015.08.09"]
[Round "5.2"]
[White "Elliott, Warren"]
[Black "Diedrick, Michael"]
[Result "1-0"]
[WhiteElo "2269"]
[BlackElo "1879"]
[PlyCount "107"]
[EventDate "2015.08.05"]

1. d4 Nf6 2. Bg5 e6 3. e4 Be7 4. Nd2 O-O 5. Bd3 Ne8 6. Be3 f5 7. f3 b6 8. Qe2
Nc6 9. c3 fxe4 10. fxe4 Bh4+ 11. g3 Bg5 12. Ngf3 Bxe3 13. Qxe3 Bb7 14. O-O-O a6
15. Rhf1 b5 16. e5 g6 17. Qh6 Qe7 18. Ng5 Rxf1 19. Rxf1 Qg7 20. Qh4 Nd8 21.
Nxh7 Nf7 22. Nf6+ Nxf6 23. Rxf6 Nh8 24. Qg5 Rf8 25. Rxf8+ Qxf8 26. Bxg6 Nxg6
27. Qxg6+ Kh8 28. Qh5+ Kg8 29. Qg5+ Kh8 30. Qf4 Qxf4 31. gxf4 Kg7 32. Nf1 Kg6
33. Ng3 d6 34. h4 dxe5 35. fxe5 Bd5 36. b3 a5 37. Kc2 a4 38. Kb2 axb3 39. axb3
Bf3 40. Ka3 Bd1 41. Kb4 c6 42. Ne4 Kh5 43. Nc5 Bg4 44. Ka5 Kxh4 45. Kb6 Bf3 46.
Nxe6 Bd5 47. Nc5 Kg5 48. Kc7 Kf4 49. e6 Ke3 50. e7 Bf7 51. Kxc6 Be8+ 52. Kc7
Kd2 53. d5 Kxc3 54. d6 1-0

[Event "Millionaire Qualifier 2015"]
[Site "Kingston, Jamaica"]
[Date "2015.08.09"]
[Round "5.3"]
[White "Byfield, Geoffrey"]
[Black "Wilkinson, Ian"]
[Result "1-0"]
[WhiteElo "2027"]
[BlackElo "1875"]
[PlyCount "81"]
[EventDate "2015.08.05"]

1. d4 Nf6 2. Nf3 d6 3. Bg5 Nbd7 4. Nc3 h6 5. Bxf6 Nxf6 6. e4 Bg4 7. h3 Bh5 8.
e5 dxe5 9. dxe5 Qxd1+ 10. Rxd1 Nd7 11. Nb5 Kd8 12. g4 Bg6 13. e6 fxe6 14. Rxd7+
Kxd7 15. Ne5+ Kc8 16. Nxg6 Rh7 17. Nxf8 Rh8 18. Nxe6 c6 19. Nbc7 Rb8 20. Bg2 g5
21. O-O h5 22. Rd1 hxg4 23. hxg4 a6 24. Be4 Rg8 25. Kg2 Rh8 26. Kg3 Rg8 27. f4
gxf4+ 28. Kxf4 a5 29. g5 c5 30. g6 b5 31. g7 Rb6 32. Ke5 c4 33. Rh1 Kd7 34.
Rd1+ Kc8 35. Rg1 Kd7 36. Bh7 Rbb8 37. Bxg8 Rxg8 38. Nd5 b4 39. Nb6+ Ke8 40.
Nxc4 a4 41. Nb6 1-0